[Event "Fall Chess Classic-B 2018"]
[Site "Saint Louis"]
[Date "2018.10.14"]
[Round "5"]
[White "Boros, Denes"]
[Black "Jacobson, Brandon"]
[Result "0-1"]
[WhiteElo "2439"]
[BlackElo "2412"]
[Annotator "TA"]
[PlyCount "64"]
[EventDate "2018.10.10"]
[EventType "tourn"]
[EventCountry "USA"]
[SourceTitle "playchess.com"]
[Source "ChessBase"]
[SourceQuality "1"]

{[%evp 15,64,2,0,-11,-11,-20,-6,-14,0,-18,0,-33,-31,-41,-26,-23,-15,-22,-17,-20,-14,-57,-37,-60,-75,-64,-74,-74,-73,-81,-73,-68,-75,-75,-68,-191,-201,-179,-201,-199,-197,-172,-65,-222,-212,-260,-245,-6270,-6175,-1421,-736]} 1. c4 Nf6 2. g3 e5 3. Nc3 Nc6 4. Bg2 Bb4 5. Nf3 O-O 6. O-O d6 7. d3 Re8 8. Bd2 a5 {LiveBook: 3 Games. A28: English Opening: Four Knights Variation} (8... Nd4 9. a3 Nxf3+ 10. Bxf3 Bxc3 11. Bxc3 c6 12. e4 Bh3 13. Re1 c5 14. b4 b6 15. a4 Nd7 16. a5 {½-½ (67) Ding,L (2778)-Wojtaszek,R (2744) Shamkir 2018}) 9. h3 h6 10. e4 Bc5 {The position is equal.} 11. Kh2 Nd4 $146 ({Predecessor:} 11... Nh7 12. Ne1 Nd4 13. Nc2 c6 14. f4 exf4 15. Bxf4 Be6 16. Bd2 {½-½ (16) Sarkozy,L (2380)-Schwarz,D (2309) Slovakia 2006}) 12. Rb1 c6 13. a3 Nxf3+ 14. Bxf3 Be6 15. b4 axb4 16. axb4 Bd4 17. Ne2 Bb6 18. Bc3 (18. Bg2 {feels hotter.} Ba7 19. Ra1 b5 20. f4 bxc4 21. f5) 18... d5 $36 {[%mdl 2048] Black is pushing.} 19. cxd5 cxd5 {[%cal Bc6d5,Bd5e4,Be4e3][%mdl 32]} 20. Bxe5 Bxh3 21. Kxh3 {Threatens to win with Bxf6.} Rxe5 22. d4 Qd7+ 23. Kh2 Rxe4 ({Not} 23... dxe4 24. dxe5 exf3 25. exf6 $16) 24. Bxe4 dxe4 25. Qd2 {[#]} ({White should try} 25. Ra1 $15 Rd8 26. Kg2) 25... Ng4+ $1 $19 26. Kg2 {[#]} e3 $1 {[%mdl 512]} 27. fxe3 {[#]} Qe6 $1 ({Worse is} 27... Qd5+ 28. Kg1 $11) 28. Rf3 Re8 (28... Ra2 $19 29. Rb2 Rxb2 30. Qxb2 Nxe3+ 31. Kg1 Qe4) 29. Qd3 $2 (29. Nf4 $15 Nxe3+ 30. Kf2 Ng4+ 31. Kg2) 29... Nxe3+ 30. Kg1 Ng4 {aiming for ...Ne5.} 31. Nf4 $2 (31. Rb2 Ne5 32. Qf5) 31... Qa2 {( -> ...Qh2+)} 32. Ng2 Ne5 {Precision: White = 28%, Black = 61%.} 0-1

[Event "Fall Chess Classic-B 2018"]
[Site "Saint Louis"]
[Date "2018.10.15"]
[Round "6"]
[White "Azarov, Sergei"]
[Black "Gabuzyan, Hovhannes"]
[Result "1/2-1/2"]
[WhiteElo "2565"]
[BlackElo "2592"]
[Annotator "TA"]
[PlyCount "96"]
[EventDate "2018.10.10"]
[EventType "tourn"]
[EventCountry "USA"]
[SourceTitle "playchess.com"]
[Source "ChessBase"]
[SourceQuality "1"]

{[%evp 22,96,12,-19,0,-6,12,0,0,0,4,0,21,21,21,29,20,0,14,0,0,0,0,0,29,0,51,54,54,53,53,53,53,53,53,53,53,54,58,60,70,53,64,38,53,5,6,0,0,0,0,0,0,0,0,0,0,0,0,0,0,0,0,0,0,0,0,0,0,0,0,0,0,0,0,0,0]} 1. e4 e5 2. Nf3 Nc6 3. Bb5 Nf6 4. O-O Nxe4 5. d4 Nd6 6. Bxc6 dxc6 7. dxe5 Nf5 8. Qxd8+ Kxd8 9. h3 Bd7 10. Nc3 h6 11. b3 Kc8 12. Bb2 b6 {C67: Ruy Lopez: Berlin Defence: 4 0-0 Nxe4} 13. Rad1 Ne7 14. Rfe1 c5 15. Ne2 Ng6 16. h4 Bg4 17. Nh2 Bxe2 18. Rxe2 Nxh4 {[#]} 19. Rd3 $146 ({Predecessor:} 19. Ng4) 19... Rg8 20. g3 Ng6 $1 21. Rf3 Nh8 $1 22. Ng4 Be7 23. Ne3 Kd7 (23... Kb7 $11) 24. Nd5 $1 $36 {[%mdl 2048] White fights for an advantage.} Rae8 25. Rxf7 {[#] aiming for e6+.} Ke6 26. Rxe7+ Rxe7 27. Nxe7 Kxe7 {[%mdl 4096] Endgame KRB-KRN} 28. f4 Ke6 29. Rh2 Ng6 30. Kf2 Rf8 31. Kf3 Rf5 $1 32. Ke4 h5 $1 33. Bc1 Ne7 {The position is equal.} 34. Be3 g6 $1 35. c4 Rf8 36. Rd2 a5 37. a4 Rh8 38. Rd1 Nc6 39. Rg1 Ne7 40. Rd1 Nf5 41. Bf2 Rg8 42. Kf3 Rg7 43. Rd8 Rd7 44. Rf8 {[#] Black must now prevent Rf6+.} Rf7 45. Re8+ Re7 46. Rf8 Rf7 47. Re8+ Re7 48. Rf8 {Hoping for Rf6+.} Rf7 {Precision: White = 67%, Black = 80%.} 1/2-1/2

[Event "Fall Chess Classic-B 2018"]
[Site "Saint Louis"]
[Date "2018.10.15"]
[Round "6"]
[White "Zierk, Steven"]
[Black "Ashwin, Jayaram"]
[Result "1/2-1/2"]
[WhiteElo "2506"]
[BlackElo "2494"]
[Annotator "TA"]
[PlyCount "49"]
[EventDate "2018.10.10"]
[EventType "tourn"]
[EventCountry "USA"]
[SourceTitle "playchess.com"]
[Source "ChessBase"]
[SourceQuality "1"]

{[%evp 16,49,0,0,16,0,0,26,40,47,71,0,18,-7,0,-4,-1,-4,-2,0,0,0,0,-3,0,0,0,0,0,0,0,0,0,0,0,0]} 1. e4 c6 2. d4 d5 3. Nc3 dxe4 4. Nxe4 Nf6 5. Nxf6+ exf6 6. Nf3 Bd6 7. h3 {B15: Caro-Kann: 3 Nc3: 3...g6 and 3...dxe4 4 Nxe4 Nf6 5 Nxf6+ exf6} (7. Be2 O-O 8. O-O Re8 9. c4 Nd7 10. Bd3 Nf8 11. h3 Ng6 12. Qc2 Qa5 13. c5 Bb8 14. Bd2 Qd8 15. Rfe1 Be6 16. Bc4 Nf8 {0-1 (47) Nepomniachtchi,I (2767)-Carlsen,M (2840) Doha 2016}) 7... O-O 8. Be2 Re8 9. O-O {LiveBook: 13 Games} Bc7 10. Bd3 Be6 $146 ({Predecessor:} 10... Nd7 11. c4 Nf8 12. Qc2 Be6 13. Be3 Qd7 14. Rfe1 Bxh3 15. gxh3 Qxh3 {1-0 (31) Saizew,V (1951)-Snoeck,R (1929) Maastricht 2014}) 11. c4 Qd6 12. Qc2 h5 {[%cal Bh7h5,Bh5h4][%mdl 32]} 13. Bf5 (13. Bd2 $16) 13... Nd7 {The position is equal.} 14. Bd2 Nf8 15. Rad1 Ng6 16. g3 h4 17. g4 Nf4 18. Bxf4 Qxf4 19. Kg2 $1 Bxc4 20. Qxc4 {[#] Strongly threatening Rfe1.} Re3 $1 21. fxe3 Qg3+ 22. Kh1 Qxh3+ 23. Kg1 Qg3+ 24. Kh1 Qh3+ 25. Kg1 {Precision: White = 56%, Black = 38%.} 1/2-1/2

[Event "Fall Chess Classic-B 2018"]
[Site "Saint Louis"]
[Date "2018.10.15"]
[Round "6"]
[White "Chandra, Akshat"]
[Black "Boros, Denes"]
[Result "0-1"]
[WhiteElo "2471"]
[BlackElo "2439"]
[Annotator "TA"]
[PlyCount "80"]
[EventDate "2018.10.10"]
[EventType "tourn"]
[EventCountry "USA"]
[SourceTitle "playchess.com"]
[Source "ChessBase"]
[SourceQuality "1"]

{[%evp 27,80,65,58,50,60,61,61,58,64,59,70,56,68,41,55,31,41,45,78,57,66,80,123,110,117,95,81,81,74,82,144,148,131,133,134,137,137,153,136,130,187,-66,-88,-406,-326,-386,-381,-387,-377,-373,-367,-1127,-1106,-1090,-1081]} 1. e4 e6 2. d4 d5 3. Nc3 dxe4 4. Nxe4 Bd7 5. Nf3 Bc6 6. Bd3 Nd7 7. O-O Ngf6 8. Ng3 Be7 9. b3 O-O 10. Bb2 Bxf3 11. Qxf3 c6 12. c4 Re8 13. Rad1 Bf8 {C10: French with 3 Nc3: Unusual Black 3rd moves and 3...dxe4} (13... Qa5 14. a3 Rad8 15. h4 Nf8 16. b4 Qc7 17. h5 h6 18. Rfe1 a5 19. Bc3 axb4 20. axb4 Rd7 21. b5 {0-1 (75) Istratescu,A (2652)-Stojanovic,M (2559) Switzerland 2014}) 14. Rfe1 Qa5 {LiveBook: 4 Games} 15. a3 Rad8 {White is slightly better.} 16. Re2 $146 ({Predecessor:} 16. h3 Qg5 17. Ne4 Qh5 18. Qe3 Nxe4 19. Bxe4 g6 20. d5 exd5 21. Qc3 Qe5 22. Qd2 Qh5 23. cxd5 c5 24. Qc3 Qe5 25. Qd2 {½-½ (25) Baskin,R (2055)-Kiese,M (2220) Wiesbaden 2012}) 16... Qg5 17. h3 Bd6 18. Bc1 Qa5 19. Nf1 Bb8 20. g4 {[%cal Bg2g4,Bg4g5][%mdl 32] Black must now prevent g5.} Nf8 21. g5 N6d7 22. h4 e5 23. b4 Qc7 24. d5 cxd5 25. cxd5 Nb6 26. Rc2 $36 {[%mdl 2048] White has strong initiative.} Qe7 {aiming for ...e4.} 27. Bb5 e4 28. Qg4 Nfd7 (28... Nbd7 $142) 29. Be3 $16 Rf8 30. Ng3 f5 31. Nxf5 Qf7 {[#]} 32. Ng3 $1 Ne5 33. Qxe4 Nxd5 {[#]} (33... Rxd5 $16 {keeps fighting.} 34. Rxd5 Qxd5) 34. Rdc1 $2 ({Only move:} 34. Bc5 $1 $18 {[%cal Rc5f8]} Nf4 35. Rdc1 Nh3+ 36. Kh1 (36. Kh2 b6 $16)) 34... a6 $1 $15 {[%cal Ra6b5]} 35. Ba4 $2 {[%mdl 8192]} (35. Be2 $17 {is a better chance.}) 35... Nf3+ 36. Kh1 {Bc5 is the strong threat.} Nxe3 37. Qxe3 {Threatens to win with Bb3.} Nd4 {Hoping for ...b5.} 38. Rc4 Bf4 39. Qc3 $2 (39. Qe4 Bxc1 40. Rxd4) 39... Qd5+ $19 40. Kh2 Bxc1 {Precision: White = 47%, Black = 79%.} 0-1

[Event "Fall Chess Classic-B 2018"]
[Site "Saint Louis"]
[Date "2018.10.15"]
[Round "6"]
[White "Jacobson, Brandon"]
[Black "Holt, Conrad"]
[Result "0-1"]
[WhiteElo "2412"]
[BlackElo "2561"]
[Annotator "TA"]
[PlyCount "98"]
[EventDate "2018.10.10"]
[EventType "tourn"]
[EventCountry "USA"]
[SourceTitle "playchess.com"]
[Source "ChessBase"]
[SourceQuality "1"]

{[%evp 16,98,18,0,6,5,26,36,63,57,66,51,59,39,32,3,14,5,20,15,30,29,34,7,10,7,21,9,12,9,10,10,30,0,0,-91,0,-13,0,0,0,0,-6,0,63,28,90,89,193,187,262,262,263,129,131,139,130,122,127,113,107,67,156,104,153,0,0,0,0,0,0,0,0,-722,-723,-721,-722,-718,-684,-671,-664,-715,-629,-725,-719]} 1. e4 e6 2. d4 d5 3. Nc3 Nf6 4. e5 Nfd7 5. f4 c5 6. Nf3 Nc6 7. Be3 Be7 8. Qd2 O-O 9. Bd3 {LiveBook: 27 Games. C11: French: Classical System: 4 e5 and 4 Bg5 dxe4} (9. dxc5 Qa5 10. a3 Bxc5 11. O-O-O Rd8 12. Bxc5 Nxc5 13. h4 Bd7 14. h5 h6 15. g4 Be8 16. Qe3 d4 17. Nxd4 Nxd4 18. Rxd4 {½-½ (26) Inarkiev,E (2689)-Volkov,S (2645) St Petersburg 2017}) 9... cxd4 (9... f6 {is more complex.} 10. exf6 Bxf6 11. Bb5 cxd4 12. Nxd4 Bxd4 13. Bxd4 a6) 10. Nxd4 Nxd4 11. Bxd4 {White has an edge.} f6 12. exf6 $146 ({Predecessor:} 12. O-O a6 13. Qe3 fxe5 14. fxe5 Rxf1+ 15. Rxf1 Nf8 16. Na4 Bd7 {0-1 (50) Tylenda,K (1750)-Chin,S (1521) Suwalki 2017}) 12... Bxf6 13. Bxf6 Qxf6 14. O-O Nc5 15. Rab1 Bd7 16. Ne2 Rac8 {[%cal Ba8c8,Bc8c2,Bc2a2,Ba2a4][%mdl 32]} 17. Qe3 b5 18. a3 a5 19. b4 axb4 20. axb4 Nxd3 21. cxd3 Rc2 22. Nd4 Ra2 23. g3 Rc8 24. Ra1 Ra4 25. Nb3 (25. Rac1 $11) 25... Rc2 ({Of course not} 25... Rxb4 $6 26. Nc5 $11) ({Black should play} 25... Rxa1 $1 $17 26. Nxa1 Qb2) 26. Qd4 Qh6 {[%csl Gc2][%cal Rh6h2]} 27. Rf2 $36 {[%mdl 2048] White has good play.} Rxa1+ 28. Nxa1 Rc1+ 29. Kg2 {[#]} Rc8 ({Black should try} 29... e5 $1 $11 {[%mdl 512]} 30. Qxd5+ (30. Qxe5 Qh3+) 30... Qe6 31. Qxe6+ Bxe6) 30. Rc2 Ra8 (30... Qh5 $11) 31. Nb3 $16 Kh8 (31... Qh5 $16 {was called for.}) 32. Qe5 $18 Be8 (32... Qf6 $142 33. Nd4 Kg8) 33. Nd4 Bf7 34. Nf3 (34. Nxb5 $18 Qg6 35. Nd6) 34... Qg6 $16 35. Qe3 Qf6 36. Ne5 Be8 37. Qc1 Qd8 38. Qb2 d4 (38... Kg8 $14) 39. Nf3 (39. Rc5 $142) 39... Bh5 {[#] aiming for ...Qd5.} 40. Nxd4 $2 ({Better is} 40. Rc5 $1 $16 {[%cal Rc5h5]} Bxf3+ 41. Kxf3) 40... e5 $1 $11 41. fxe5 Qd5+ 42. Kh3 {Rc5 is the strong threat.} Bd1 43. Rc5 Qf7 {And now ...Qf1+ would win.} 44. e6 $2 {[%mdl 8192]} ({Avoid the trap} 44. Nxb5 $2 Qf1+ 45. Qg2 {[#]} (45. Kh4 {leads to mate.} Qf5 46. Rc8+ Rxc8 47. Qe2 Bxe2 48. h3 Qh5#) 45... Bg4+ $1 {[%mdl 512]} 46. Kxg4 Qxg2 $19) (44. Qc1 $11 Qh5+ 45. Kg2 Ra2+ 46. Nc2) 44... Qf1+ $19 {Black is clearly winning.} 45. Kh4 {[#]} g5+ $1 {[%mdl 512]} 46. Rxg5 Qf6 {( -> ...Qh6+)} 47. Kh3 {Strongly threatening Rf5.} Qxg5 48. Nf3+ Qg7 49. Ne5 {[#]} Bg4+ $1 {[%mdl 512] Precision: White = 41%, Black = 39%.} 0-1

[Event "Fall Chess Classic-B 2018"]
[Site "Saint Louis"]
[Date "2018.10.15"]
[Round "6"]
[White "Yoo, Christopher Woojin"]
[Black "Moradiabadi, Elshan"]
[Result "1/2-1/2"]
[WhiteElo "2410"]
[BlackElo "2534"]
[Annotator "TA"]
[PlyCount "60"]
[EventDate "2018.10.10"]
[EventType "tourn"]
[EventCountry "USA"]
[SourceTitle "playchess.com"]
[Source "ChessBase"]
[SourceQuality "1"]

{[%evp 16,60,4,6,18,3,3,4,19,26,19,25,25,19,44,43,47,21,45,49,43,11,47,37,40,37,33,35,41,41,32,41,34,0,0,0,0,0,0,0,0,0,0,0,10,11,14]} 1. e4 e5 2. Nf3 Nc6 3. Bb5 {[%cal Bf1b5,Bb5a4,Ba4b3,Bb3d5][%mdl 32]} a6 4. Ba4 Nf6 5. O-O Be7 6. d3 b5 7. Bb3 d6 8. a3 O-O 9. Nc3 Bb7 {C77: Ruy Lopez: 3...a6 4 Ba4 Nf6, unusual lines} 10. Nd5 Nxd5 11. Bxd5 Rb8 12. c3 Qd7 $146 ({Predecessor:} 12... Bf6 13. Be3 Ne7 14. Bxb7 Rxb7 15. d4 {½-½ (31) Alekseev,E (2710)-Matinian,N (2472) St Petersburg 2013}) 13. b4 Nd8 14. Bxb7 Nxb7 15. d4 Qe6 16. Qd3 exd4 17. Nxd4 Qd7 18. Bf4 Bf6 (18... Nc5 $5 19. bxc5 dxc5 $14) 19. Rad1 Rbe8 20. Rfe1 Nd8 21. Bg3 g6 22. c4 {[%cal Rc4b5]} Ne6 23. Nxe6 Rxe6 24. e5 Qe8 {[%cal Rf6e5] The position is equal.} 25. cxb5 axb5 {[%cal Rf6e5]} 26. Qc3 dxe5 27. Qxc7 Qa8 28. Qc5 {[%cal Rg3e5]} Qxa3 29. Qxb5 Ra8 30. h3 Qa4 {Precision: White = 69%, Black = 74%.} 1/2-1/2

[Event "Fall Chess Classic-B 2018"]
[Site "Saint Louis"]
[Date "2018.10.16"]
[Round "7"]
[White "Gabuzyan, Hovhannes"]
[Black "Jacobson, Brandon"]
[Result "1-0"]
[WhiteElo "2592"]
[BlackElo "2412"]
[Annotator "TA"]
[PlyCount "59"]
[EventDate "2018.10.10"]
[EventType "tourn"]
[EventCountry "USA"]
[SourceTitle "playchess.com"]
[Source "ChessBase"]
[SourceQuality "1"]

{[%evp 9,59,-25,-11,-56,0,0,0,-22,-16,-47,0,7,92,56,59,74,72,68,74,72,73,66,62,21,68,74,60,63,70,20,10,-34,113,106,110,100,140,142,172,175,189,196,287,277,445,405,1084,1079,1135,1114,5506,594]} 1. Nf3 d5 2. g3 Nc6 3. Bg2 e5 4. d3 f6 5. Nbd2 (5. c3 Be6 6. Qb3 Qc8 7. O-O Nge7 8. Qa4 g5 9. e4 dxe4 10. dxe4 Ng6 11. Nbd2 g4 12. Ne1 a6 {1-0 (43) Lenic,L (2646)-Prusikin,M (2532) Austria 2015}) 5... Be6 6. e4 {A07: Réti Opening: New York and Capablanca Systems} Nge7 (6... d4 $15) 7. O-O $11 Qd7 8. Re1 {The position is equal.} O-O-O 9. Nb3 Bg4 $146 {[#]} ({Black should try} 9... b6 $15) ({Predecessor:} 9... Ng6 10. exd5 Bxd5 11. Be3 Kb8 12. a4 Bxb3 13. cxb3 Qxd3 {0-1 (51) Luque Roldan,J (1869)-Gallego Bergada,A (2221) Vilafranca del Penedes 2014}) 10. h3 $1 {[%mdl 512]} Bh5 (10... Bxf3 $1 $11 {keeps the balance.} 11. Bxf3 (11. Qxf3 d4 $14) 11... Kb8) (10... Bxh3 11. Nc5) 11. exd5 Qxd5 12. g4 Be8 {[%cal Bh5e8,Be8f7,Bf7d5][%mdl 32]} 13. Nxe5 $1 Qg8 $1 14. Nc4 Bf7 15. Qe2 h5 16. Bf4 Bd5 17. Bg3 hxg4 18. hxg4 f5 19. gxf5 Nxf5 20. Qg4 Qh7 (20... g6 $1 $15) 21. Bxd5 $16 Rxd5 {[%csl Gh8][%cal Rh7h1] [#]} 22. Kg2 $1 $40 {[%mdl 128] White wants a kill.} Kb8 23. Rh1 Nh6 24. Qe6 Rd8 25. Rae1 Bb4 (25... Qg8 {might work better.} 26. Qe4 Qd5 27. Qxd5 Rxd5) 26. c3 $18 Be7 $2 (26... Bf8 27. Re3 Qg8) 27. Nca5 Bd6 (27... Nxa5 $142 28. Qxe7 Nxb3) 28. Nxc6+ {White is clearly winning.} bxc6 29. Na5 {Intending Qb3+ and mate.} Qxd3 30. Nxc6+ {Precision: White = 75%, Black = 41%.} (30. Qb3+ $142 Kc8 31. Qb7+ Kd7 32. Qxc6+ Kc8 33. Rd1 Qxg3+ 34. fxg3) 1-0

[Event "Fall Chess Classic-B 2018"]
[Site "Saint Louis"]
[Date "2018.10.16"]
[Round "7"]
[White "Holt, Conrad"]
[Black "Chandra, Akshat"]
[Result "1-0"]
[WhiteElo "2561"]
[BlackElo "2471"]
[Annotator "TA"]
[PlyCount "64"]
[EventDate "2018.10.10"]
[EventType "tourn"]
[EventCountry "USA"]
[SourceTitle "playchess.com"]
[Source "ChessBase"]
[SourceQuality "1"]

{[%evp 17,64,2,35,23,37,0,14,0,23,0,0,0,0,0,0,-28,-21,-15,0,0,0,0,15,-85,0,-73,-49,-37,-23,-70,-68,-87,-85,-88,0,0,-7,0,0,0,0,-73,0,0,93,0,436,396,728]} 1. d4 Nf6 2. c4 e6 3. Nf3 d5 4. Nc3 Bb4 5. Bg5 dxc4 6. e4 {[%cal Be2e4,Be4e5][%mdl 32]} h6 7. Bxf6 Qxf6 8. Bxc4 c5 9. O-O O-O 10. e5 {D39: Queen's Gambit Declined: Ragozin Defence with 5 Bg5 dxc4} Qd8 $1 11. Ne4 {And now a3 would win.} cxd4 12. Qe2 {The position is equal.} Be7 13. Rad1 Qc7 14. Ng3 Rd8 15. Bd3 Nd7 16. Qe4 Nf8 $1 17. Rc1 Qb6 18. Nh5 Bd7 $1 19. Qg4 $1 {[%csl Gh5][%cal Rg4g7]} g6 20. Nf4 (20. Nf6+ $11 Bxf6 21. exf6) 20... Bb5 (20... Qxb2 21. Bxg6 $1 {[%mdl 512]} fxg6 22. Nxg6 $16) (20... Be8 $17) 21. h4 (21. Bxg6 $11 {keeps the balance.} fxg6 22. Nxg6) 21... Bxd3 22. Nxd3 Qa6 23. Rcd1 Qxa2 24. Qf4 Kg7 25. Nh2 Qd5 ({Black should play} 25... Nh7 $17 26. Nf3 (26. Ng4 h5 $17) 26... Rd7) 26. Ng4 $11 g5 27. hxg5 hxg5 28. Qh2 {White threatens Qh6+ and mate.} Qe4 $1 {[%cal Re4g4]} ({But not} 28... Kg8 $2 29. f4 $18 (29. Nh6+ Kg7 $16)) 29. Qh6+ Kg8 30. f4 Rac8 {[#]} (30... Qg6 $11) 31. Qh3 (31. Rf3 $1 $16 {f5! is the strong threat.} Nh7 32. Qh3 (32. Qh5 Qg6 $15)) 31... Nh7 $2 {[%mdl 8192] [#]} (31... Kg7 $1 $11) 32. f5 $1 $18 {[%mdl 512] Threatens to win with Rde1.} exf5 $2 {Precision: White = 48%, Black = 51%.} (32... Kh8 33. fxe6 fxe6) 1-0

[Event "Fall Chess Classic-B 2018"]
[Site "Saint Louis"]
[Date "2018.10.16"]
[Round "7"]
[White "Moradiabadi, Elshan"]
[Black "Zierk, Steven"]
[Result "1-0"]
[WhiteElo "2534"]
[BlackElo "2506"]
[Annotator "TA"]
[PlyCount "125"]
[EventDate "2018.10.10"]
[EventType "tourn"]
[EventCountry "USA"]
[SourceTitle "playchess.com"]
[Source "ChessBase"]
[SourceQuality "1"]

{[%evp 12,125,25,21,24,3,16,27,18,22,31,5,49,40,58,58,68,68,68,47,52,45,131,53,49,50,47,66,50,66,118,118,104,107,107,86,102,97,164,169,174,177,199,200,218,211,253,241,242,258,274,256,269,284,269,220,248,0,220,224,279,272,329,306,476,474,639,639,639,639,625,625,604,520,598,501,613,610,602,427,575,595,567,560,579,504,554,492,495,465,549,537,597,597,577,568,652,616,1090,916,5057,4134,12840,12843,12835,6291,7216,6490,3062,1956,5117,1645,1395,1395,5165,5106]} 1. d4 d5 2. c4 dxc4 3. e4 Nf6 4. e5 Nd5 5. Bxc4 Nc6 6. Ne2 {D20: Angenommenes Damengambit} Bf5 7. O-O {LiveBook: 9 Partien} Nb6 8. Bb5 $146 {Weiß hat minimalen Vorteil.} ({Vorgänger:} 8. Bb3 e6 9. Nbc3 Qd7 10. Be3 O-O-O 11. Qc1 Bg6 12. Rd1 Qe8 13. Na4 Nd5 14. Nc5 Bxc5 15. Qxc5 Qe7 16. Qc1 Ncb4 17. Bg5 {1-0 (68) Postny,E (2579)-Gurevich,D (2483) chess.com INT 2018}) 8... e6 9. Nbc3 Be7 10. Ng3 {[#] Droht stark d5!} Bg6 11. Be3 Qd7 12. d5 exd5 13. f4 f5 14. Rc1 a6 15. Bxc6 $1 Qxc6 16. Qb3 Rd8 {[#]} ({Lieber} 16... O-O $14) 17. Rfd1 (17. Nce2 $1 $16 Nc4 18. Nd4) 17... Nc4 $14 18. Nxd5 Rxd5 19. Rxd5 Qxd5 20. Rxc4 c5 (20... c6 $14) 21. Rc3 Qxb3 22. axb3 b6 23. b4 $1 cxb4 24. Rc7 Kf7 (24... Bd8 $16 {ist eine bessere Verteidigung.} 25. Rb7 (25. Rxg7 Be7 $16) 25... O-O) 25. Bxb6 $18 Ke6 26. Ne2 Re8 27. Kf2 Bf8 28. Ke3 {Droht Sd4+ und aus.} Rb8 29. Bc5 Bxc5+ 30. Rxc5 {[%mdl 4096] Endspiel KTL-KTS} Kd7 31. Nd4 Rb6 32. h3 h5 33. Rd5+ Ke7 34. Rc5 Kd7 35. Kf3 h4 36. Ke3 Bh7 37. e6+ Kd8 (37... Kd6 $142 38. Rc8 Bg6) 38. Nc6+ {Weiß steht klar auf Gewinn.} Kc7 39. e7 Kd7 40. Rd5+ Kxc6 41. e8=Q+ Kxd5 {KD-KTL} 42. Qd7+ Kc5 43. Qxg7 Bg6 44. Qd4+ Kc6 45. Qc4+ Kb7 46. Qd5+ Rc6 47. Qd7+ Kb6 48. Kd2 a5 49. Qd8+ Kb5 50. Qxh4 Rd6+ 51. Ke3 Re6+ 52. Kf2 Rc6 53. Qe7 Rc2+ 54. Kg3 Ka4 55. Qe6 Rxb2 56. Qxg6 {KD-KT} Rc2 57. Qxf5 b3 58. Qe4+ Ka3 59. f5 {[%cal Bf4f5,Bf5f6][%mdl 32]} Rc3+ 60. Kh4 b2 61. f6 Rb3 62. Qb1 ({Schwächer ist} 62. f7 Rb4 $16) 62... Rb7 63. g4 {Precision: Weiß = 71%, Schwarz = 50%.} 1-0

[Event "Fall Chess Classic-B 2018"]
[Site "Saint Louis"]
[Date "2018.10.16"]
[Round "7"]
[White "Ashwin, Jayaram"]
[Black "Azarov, Sergei"]
[Result "1/2-1/2"]
[WhiteElo "2494"]
[BlackElo "2565"]
[Annotator "TA"]
[PlyCount "171"]
[EventDate "2018.10.10"]
[EventType "tourn"]
[EventCountry "USA"]
[SourceTitle "playchess.com"]
[Source "ChessBase"]
[SourceQuality "1"]

{[%evp 21,171,0,0,-12,-9,-18,0,0,0,-46,-51,-126,-43,-28,-28,-30,-30,-23,-17,-18,-16,-18,0,0,0,9,60,12,13,0,14,0,0,0,10,-15,-12,-24,0,0,0,0,0,-15,-19,-20,-18,-18,-18,-16,-14,-44,-45,-59,-59,-59,-59,-59,-59,-59,-59,-59,-59,-59,-59,-59,-59,-59,-39,-39,-8,-8,-1,-1,-1,-8,-1,-1,-1,-12,0,0,0,0,0,0,0,0,0,-1,0,0,0,0,0,-16,-16,-16,-16,-16,0,-16,0,0,0,0,0,0,0,0,0,0,0,0,0,0,0,0,0,0,0,0,0,0,0,-1,0,-1,0,-1,0,-8,0,-16,-8,-31,-16,-16,-8,-8,-8,-8,-8,-8,-8,-8,-8,-8,-8,-59,-59,-59]} 1. d4 Nf6 2. c4 e6 3. Nc3 Bb4 4. e3 O-O 5. Bd3 d5 6. cxd5 exd5 7. Nge2 Re8 8. Bd2 {E48: Nimzoindisch (Moderne Variante)} Bf8 (8... Bd6 9. O-O a6 10. Rc1 Nbd7 11. Nf4 c6 12. f3 Nf8 13. Kh1 Ng6 14. Nce2 Qb6 15. b3 Bd7 {½-½ (62) Fressinet,L (2645)-Gharamian,T (2614) Nimes 2018}) 9. O-O b6 10. Rc1 c5 11. Nf4 Bb7 {LiveBook: 7 Partien} 12. dxc5 bxc5 13. Qb3 $146 ({Vorgänger:} 13. Qf3 Nbd7 14. Qh3 Ne5 15. Bb5 Bc8 {0-1 (53) Laciner,K (2297)-Atalik,E (2448) Konya 2012}) 13... Bc6 14. Bb5 d4 15. Na4 Ne4 16. Rfd1 (16. Be1 $1 $15) 16... Qf6 ({Viel schwächer wäre} 16... Qh4 $6 17. g3 $11) ({Besser ist} 16... Nxd2 $17 17. Rxd2 Qa5 18. Bxc6 Qxd2) 17. Be1 $15 dxe3 18. fxe3 Bxb5 19. Qxb5 Nc6 20. Nc3 Rab8 21. Qc4 Ng5 22. b3 Qh6 23. Nfd5 Bd6 (23... Rbd8 $11) 24. Qh4 (24. h4 {is more complex.} Ne6 25. Ne4 Bf8 26. Bg3 Rbc8 27. Rf1) 24... Qg6 $1 25. Bg3 h6 26. Kh1 Be5 27. Bf4 Rbd8 28. Qg3 Bxc3 29. Nxc3 Nb4 30. h4 {[#] zielt auf Txd8 ab.} Rxd1+ 31. Rxd1 Qh5 32. Bxg5 hxg5 33. Qxg5 Qxg5 34. hxg5 Rxe3 $11 {[%mdl 4096] Endspiel KTS-KTS} 35. Nd5 Re5 36. Nxb4 cxb4 {KT-KT} 37. Rd4 a5 {Und weiter mit ...Te2 wäre nett.} 38. g6 fxg6 39. a3 bxa3 40. Ra4 Rb5 (40... Re1+ {keeps more tension.} 41. Kh2 Re3 42. Rxa3 Re5 43. Kg3 Kf7) 41. Rxa3 Kf7 42. Kg1 Ke6 43. Kf2 Kd6 44. Ra4 Kc6 45. Ke2 Kb6 46. Rg4 g5 47. Kd2 Re5 48. Kd3 Kc5 49. Rc4+ Kb5 50. Rg4 g6 51. Kd2 Kc5 52. Rc4+ Kb5 53. Rg4 Rd5+ 54. Ke2 Kc6 55. Rc4+ Rc5 {[#] ...Txc4 ist eine echte Drohung.} 56. Rg4 Rb5 57. Ra4 Kd5 58. Rg4 Ke6 59. Ra4 Kf5 60. Kf2 Ke6 61. Ke2 Kd6 62. Kd2 Kc6 63. Rc4+ Rc5 {Weiss muss nun ...Txc4 beachten.} 64. Ra4 Rd5+ 65. Ke2 Re5+ 66. Kd2 Rb5 67. Rc4+ Kb6 68. Rg4 Ka6 69. Rg3 Rd5+ 70. Ke2 Re5+ 71. Kd2 Rd5+ 72. Ke2 Kb6 73. Rg4 Rb5 74. Kd2 Kc6 75. Rc4+ $1 Kd6 76. Ra4 Ke6 77. Ke2 Kf6 78. Kf2 g4 79. g3 g5 80. Kg2 Kf5 81. Kh2 Rxb3 {Droht ...Tb5.} 82. Rxa5+ Ke4 83. Rxg5 Rb2+ 84. Kg1 Kf3 85. Rf5+ (85. Rc5 $11) 85... Kxg3 $15 {Und ...Tb1+ würde nun gewinnen.} 86. Rf1 $1 {Precision: Weiß = 71%, Schwarz = 50%.} 1/2-1/2